000
00340nam a2200145Ia 4500
100
_a
Spalding/D.B/ Cole/E.H
942
_c
BK
654
_a
thermodynamics
245
_a
Engineering thermodynamics
260
_b
English language book society
_a
London
_c
1985
082
_a
621.4021
_b
SPA
300
_a
445
546
_a
ENGLISH
999
_c
29794
_d
29794